[Event "ESP-ch U14 rapid"]
[Site "Salobrena"]
[Date "2023.07.23"]
[Round "9"]
[White "Deusa Ballesteros, Lucas"]
[Black "Molina Gil, Noah"]
[Result "1-0"]
[WhiteElo "1881"]
[BlackElo "1599"]
[PlyCount "137"]
[EventDate "2023.07.22"]
[EventType "swiss (rapid)"]
[EventRounds "9"]
[EventCountry "ESP"]
[SourceTitle "EXT 2024"]
[Source "ChessBase"]
[SourceDate "2023.10.10"]
[SourceVersion "1"]
[SourceVersionDate "2023.10.10"]
[SourceQuality "1"]

1. c4 e5 2. Nc3 Nc6 3. Nf3 Bc5 4. e3 a6 5. d4 exd4 6. exd4 Ba7 7. Be2 d6 8. 0-0 Nf6 9. h3 h6 10. d5 Ne7 11. Bd3 0-0 12. Qc2 Bd7 13. Be3 Qc8 14. Bxa7 Rxa7 15. Rfe1 Re8 16. Ne4 Nxe4 17. Rxe4 Ra8 18. Rae1 Kf8 19. Qe2 Ng8 20. Rxe8+ Qxe8 21. Qd2 Qc8 22. Qf4 Nf6 23. Nd4 Kg8 24. Bf5 Nh5 25. Qf3 Nf6 26. Bxd7 Qxd7 27. Nf5 Re8 28. Rxe8+ Nxe8 29. Qg4 Kh8 30. Nxh6 Qe7 31. Qd4 Nf6 32. Nf5 Qe1+ 33. Kh2 Qb1 34. Qh4+ Kg8 35. Qg5 Ne8 36. Qe7 Qxf5 37. Qxe8+ Kh7 38. Qe2 Qf4+ 39. g3 Qd4 40. Kg2 Qc5 41. b3 b5 42. Qe4+ Kg8 43. h4 bxc4 44. Qxc4 Qb6 45. Qd3 Qa5 46. a4 Qb6 47. Qe3 Qb8 48. h5 a5 49. Qc3 Qb7 50. Qd3 Qb6 51. Qe3 Qb7 52. Qe8+ Kh7 53. Qxf7 Qxb3 54. Qf5+ Kg8 55. Qe6+ Kh7 56. Qe4+ Kg8 57. g4 Qd1 58. Qe6+ Kh7 59. Qf5+ Kg8 60. Qc8+ Kh7 61. Qf5+ Kg8 62. Qe4 Qc1 63. Qf3 Qc4 64. Qf5 Qxa4 65. Qe6+ Kh8 66. Qc8+ Kh7 67. Qf5+ Kg8 68. g5 Qd1 69. g6 1-0

[Event "ESP-ch U14 rapid"]
[Site "Salobrena"]
[Date "2023.07.23"]
[Round "5"]
[White "Lorente Melcon, Maximo"]
[Black "Molina Gil, Noah"]
[Result "1-0"]
[WhiteElo "1783"]
[BlackElo "1599"]
[PlyCount "49"]
[EventDate "2023.07.22"]
[EventType "swiss (rapid)"]
[EventRounds "9"]
[EventCountry "ESP"]
[SourceTitle "EXT 2024"]
[Source "ChessBase"]
[SourceDate "2023.10.10"]
[SourceVersion "1"]
[SourceVersionDate "2023.10.10"]
[SourceQuality "1"]

1. e4 e5 2. Nf3 Nf6 3. Nxe5 Nxe4 4. Qe2 Qe7 5. Qxe4 d6 6. d4 dxe5 7. dxe5 Nc6 8. Bb5 Bd7 9. 0-0 0-0-0 10. Re1 Nxe5 11. Bxd7+ Rxd7 12. Bd2 Nc6 13. Qg4 Qd8 14. Bc3 f6 15. Nd2 Bc5 16. Ne4 Bb6 17. a4 Kb8 18. a5 Bd4 19. a6 Bxc3 20. Nxc3 b6 21. Qf3 Rd6 22. Nb5 Qd7 23. Nxd6 Qxd6 24. Rad1 Qc5 25. Re6 1-0

[Event "ESP-ch U14 rapid"]
[Site "Salobrena"]
[Date "2023.07.22"]
[Round "4"]
[White "Molina Gil, Noah"]
[Black "Sarasketa Irastortza, Oier"]
[Result "1-0"]
[WhiteElo "1599"]
[BlackElo "1781"]
[PlyCount "133"]
[EventDate "2023.07.22"]
[EventType "swiss (rapid)"]
[EventRounds "9"]
[EventCountry "ESP"]
[SourceTitle "EXT 2024"]
[Source "ChessBase"]
[SourceDate "2023.10.10"]
[SourceVersion "1"]
[SourceVersionDate "2023.10.10"]
[SourceQuality "1"]

1. e4 c5 2. Nc3 Nc6 3. Bb5 Nd4 4. Bc4 e6 5. Nge2 Nf6 6. 0-0 a6 7. d3 b5 8. Bb3 Nxb3 9. axb3 Bb7 10. f4 d6 11. Ng3 Be7 12. f5 0-0 13. Nce2 Qd7 14. Nf4 exf5 15. Nxf5 d5 16. Nxe7+ Qxe7 17. exd5 Nxd5 18. Re1 Qd6 19. Qg4 Rfe8 20. Bd2 Nxf4 21. Qxf4 Qc6 22. Qg4 Rxe1+ 23. Rxe1 Re8 24. Rxe8+ Qxe8 25. Bc3 f6 26. Qg3 Kf7 27. Qg4 Qe3+ 28. Kf1 Qe7 29. Qh5+ Kg8 30. Qh3 Qe8 31. Qg3 Kf7 32. Qc7+ Qe7 33. Qb6 Kg6 34. d4 cxd4 35. Qxd4 Kf7 36. Bb4 Qe6 37. Qa7 Qe4 38. g3 Qg2+ 39. Ke1 Qh1+ 40. Kd2 Qxh2+ 41. Kc1 Qh1+ 42. Kd2 Qg2+ 43. Kc1 Qh1+ 44. Kd2 Qd5+ 45. Kc1 h5 46. Bc3 g5 47. Qb6 Qh1+ 48. Kd2 Qg2+ 49. Kc1 Qc6 50. Qd4 Qh1+ 51. Kd2 Qg2+ 52. Kc1 Qc6 53. Kb1 Bc8 54. Qd1 Bg4 55. Qd4 Bf5 56. Qa7+ Kg6 57. Qb8 Qe6 58. Qd8 Be4 59. Qd4 Qf5 60. Qd2 h4 61. gxh4 gxh4 62. Qd1 Qf3 63. Qg1+ Qg3 64. Qd4 Qf4 65. Qd8 Qf1+ 66. Ka2 Kf5 67. Qxf6+ 1-0

[Event "ESP-ch U14"]
[Site "Salobrena"]
[Date "2023.07.17"]
[Round "2"]
[White "Lorente Melcon, Hector"]
[Black "Molina Gil, Noah"]
[Result "1/2-1/2"]
[WhiteElo "1611"]
[BlackElo "1795"]
[PlyCount "105"]
[EventDate "2023.07.17"]
[EventType "swiss"]
[EventRounds "9"]
[EventCountry "ESP"]
[SourceTitle "EXT 2024"]
[Source "ChessBase"]
[SourceDate "2023.10.10"]
[SourceVersion "1"]
[SourceVersionDate "2023.10.10"]
[SourceQuality "1"]

1. e4 c5 2. Nf3 e6 3. d4 cxd4 4. Nxd4 a6 5. Bd3 Bc5 6. Nb3 Ba7 7. Qe2 Nc6 8. Be3 Nf6 9. Bxa7 Rxa7 10. 0-0 d6 11. N1d2 0-0 12. c3 b6 13. Nd4 Ne5 14. N2f3 Bb7 15. Nxe5 dxe5 16. Nf3 Qc7 17. Rad1 Raa8 18. Rd2 Rfd8 19. Rfd1 Nh5 20. g3 g6 21. Bc2 f6 22. Rd3 Kf7 23. Qd2 Rxd3 24. Qxd3 Ke7 25. Qe3 Rd8 26. Rxd8 Kxd8 27. Bd3 Ke8 28. Qe2 Qc8 29. Qe3 Qc7 30. Qe2 Qc8 31. Nd2 Kf7 32. Nc4 Qc7 33. Ne3 Qc8 34. Ng4 a5 35. Ne3 Ng7 36. Nc4 Qc7 37. a4 Qc5 38. Qe3 Qxe3 39. fxe3 Ne8 40. Kf2 Ke7 41. Nxb6 Nd6 42. Nc4 Nxc4 43. Bxc4 Bxe4 44. b4 Bc6 45. Bb3 f5 46. b5 Bb7 47. Ke2 g5 48. Bc2 h6 49. e4 f4 50. Kf3 h5 51. h3 Kd6 52. Bb3 Ba8 53. g4 1/2-1/2

[Event "Foment Martinenc op-A 23rd"]
[Site "Barcelona"]
[Date "2023.06.03"]
[Round "7"]
[White "Garcia Castellote, Daniel"]
[Black "Molina Gil, Noah"]
[Result "1/2-1/2"]
[WhiteElo "1927"]
[BlackElo "1796"]
[PlyCount "55"]
[EventDate "2023.04.22"]
[EventType "swiss"]
[EventRounds "9"]
[EventCountry "ESP"]
[SourceTitle "EXT 2024"]
[Source "ChessBase"]
[SourceDate "2023.10.10"]
[SourceVersion "1"]
[SourceVersionDate "2023.10.10"]
[SourceQuality "1"]

1. e4 c5 2. c3 Nf6 3. e5 Nd5 4. d4 cxd4 5. Qxd4 e6 6. Nf3 Nc6 7. Qe4 f5 8. Qe2 Qc7 9. g3 d6 10. c4 Nxe5 11. Nxe5 dxe5 12. Bg2 Nf6 13. Nc3 a6 14. 0-0 Bc5 15. Be3 Bxe3 16. Qxe3 0-0 17. Na4 Nd7 18. b3 Rb8 19. Rfd1 b6 20. Rac1 Bb7 21. c5 bxc5 22. Nxc5 Nxc5 23. Rxc5 Qb6 24. Qxe5 Rbc8 25. Rd7 Rf7 26. Rxf7 Kxf7 27. Rxc8 Bxc8 28. h4 1/2-1/2

[Event "Roncana op-A 14th"]
[Site "Santa Eulalia de Roncana"]
[Date "2022.12.10"]
[Round "7"]
[White "Molina Gil, Noah"]
[Black "Guasch Sariol, Jaume"]
[Result "1/2-1/2"]
[WhiteElo "1613"]
[BlackElo "2064"]
[PlyCount "173"]
[EventDate "2022.10.08"]
[EventType "swiss"]
[EventRounds "8"]
[EventCountry "ESP"]
[SourceTitle "EXT 2024"]
[Source "ChessBase"]
[SourceDate "2023.10.10"]
[SourceVersion "1"]
[SourceVersionDate "2023.10.10"]
[SourceQuality "1"]

1. e4 e6 2. d4 d5 3. Nc3 dxe4 4. Nxe4 Bd7 5. Nf3 Bc6 6. Bd3 Nd7 7. 0-0 Ngf6 8. Neg5 Bd6 9. Re1 h6 10. Nh3 Bxf3 11. Qxf3 c6 12. Nf4 0-0 13. Nh5 Re8 14. Nxf6+ Nxf6 15. c3 Nd5 16. Qg4 Nf6 17. Qh4 Nd5 18. Qg4 Nf6 19. Qh4 Nd5 20. Qg4 Kh8 21. Qh5 Qf6 22. g3 e5 23. dxe5 Rxe5 24. Rxe5 Bxe5 25. Bd2 Rd8 26. Re1 Bc7 27. Qe2 Bd6 28. Qe4 g6 29. Bxh6 Bc5 30. Re2 Rd6 31. Qc4 Bb6 32. Bf8 Re6 33. Bc5 Bxc5 34. Qxc5 Rxe2 35. Bxe2 Qe6 36. Bd3 b6 37. Qd4+ Kg8 38. Qe4 Qd6 39. Qd4 Qe6 40. Qe4 Qd6 41. Kg2 Nf6 42. Qd4 Qe6 43. Qc4 Nd5 44. Qe4 Qd6 45. Bc4 Ne7 46. Qf4 Qxf4 47. gxf4 Kg7 48. Kf3 Kf6 49. Kg4 Nf5 50. Bd3 Ne7 51. h3 Nd5 52. Be4 Ne7 53. h4 c5 54. Bd3 a5 55. a4 Nc6 56. f3 Ne7 57. Be4 Nc8 58. f5 Nd6 59. fxg6 fxg6 60. Bd3 Nf7 61. f4 Nd6 62. b3 Nf7 63. Bc4 Nd6 64. Bd5 b5 65. Bc6 bxa4 66. bxa4 Nc4 67. Kf3 Nd6 68. Be4 Nc4 69. Bd3 Nb6 70. Bb5 Nd5 71. c4 Ne7 72. Bd7 Ng8 73. Ke4 Ke7 74. Bb5 Ke6 75. Bc6 Nf6+ 76. Kf3 Kf5 77. Bb7 Ne8 78. Be4+ Kf6 79. Kg4 Nd6 80. Bd3 Nc8 81. Bc2 Nd6 82. Bd3 Nc8 83. Bc2 Nd6 84. Bb3 Nf5 85. Ba2 Nd6 86. Bb3 Nf5 87. Ba2 1/2-1/2

[Event "Roncana op-A 14th"]
[Site "Santa Eulalia de Roncana"]
[Date "2022.11.26"]
[Round "6"]
[White "Soler Colomer, Valenti"]
[Black "Molina Gil, Noah"]
[Result "0-1"]
[WhiteElo "2132"]
[BlackElo "1613"]
[PlyCount "74"]
[EventDate "2022.10.08"]
[EventType "swiss"]
[EventRounds "8"]
[EventCountry "ESP"]
[SourceTitle "EXT 2024"]
[Source "ChessBase"]
[SourceDate "2023.10.10"]
[SourceVersion "1"]
[SourceVersionDate "2023.10.10"]
[SourceQuality "1"]

1. d4 d5 2. Nf3 Nf6 3. g3 c6 4. Bg2 Bf5 5. 0-0 e6 6. c4 a6 7. Qb3 Ra7 8. a4 a5 9. Nc3 h6 10. Re1 Na6 11. cxd5 exd5 12. Ne5 Be6 13. Qd1 Be7 14. e4 dxe4 15. Nxe4 0-0 16. Nc3 Nb4 17. Ng6 Re8 18. Nxe7+ Rxe7 19. Bf4 Rd7 20. Qe2 Ra8 21. Be3 Bf5 22. Red1 Nc2 23. Rac1 Nxd4 24. Qf1 Bg4 25. f3 Bf5 26. Qf2 Nb3 27. Rxd7 Qxd7 28. Rd1 Qe6 29. Re1 Qc4 30. Bf1 Bd3 31. Bxd3 Qxd3 32. Rd1 Qf5 33. Bb6 Nd7 34. Be3 Ne5 35. Kg2 Re8 36. Ne4 Ng4 37. Nd6 Nxf2 0-1

[Event "ESP-ch U12 Rapid"]
[Site "Salobrena"]
[Date "2022.07.16"]
[Round "2"]
[White "Aleksanyan, Ara"]
[Black "Molina Gil, Noah"]
[Result "1-0"]
[WhiteElo "1368"]
[BlackElo "1173"]
[PlyCount "79"]
[EventDate "2022.07.09"]
[EventType "swiss (rapid)"]
[EventRounds "9"]
[EventCountry "ESP"]
[SourceTitle "EXT 2023"]
[Source "ChessBase"]
[SourceDate "2022.10.05"]
[SourceVersion "1"]
[SourceVersionDate "2022.10.05"]
[SourceQuality "1"]

1. d4 Nf6 2. Nf3 d6 3. c4 Nbd7 4. Nc3 g6 5. e4 e5 6. d5 Nc5 7. Qc2 a5 8. Be2 Bg7 9. h3 0-0 10. Be3 Ne8 11. a3 Bd7 12. 0-0 a4 13. Nd2 f5 14. Bxc5 dxc5 15. b4 axb3 16. Nxb3 b6 17. a4 Nf6 18. exf5 gxf5 19. Nb5 Bxb5 20. axb5 Qd7 21. Rxa8 Rxa8 22. Rd1 Ne4 23. Bf3 Nd6 24. Be2 e4 25. Nd2 Nf7 26. Nf1 Ra5 27. Ne3 Bd4 28. Nf1 Qc8 29. Nd2 Qa8 30. Bh5 Ne5 31. Nb3 Ra2 32. Qb1 Rb2 33. Qc1 Rxb3 34. Qg5+ Ng6 35. Rxd4 cxd4 36. Bxg6 Qa1+ 37. Kh2 d3 38. Bxf5+ Qg7 39. Be6+ Kf8 40. Qd8# 1-0

[Event "ESP-ch U12"]
[Site "Salobrena"]
[Date "2022.07.11"]
[Round "1"]
[White "Rivera Jimenez, Eric"]
[Black "Molina Gil, Noah"]
[Result "0-1"]
[WhiteElo "1226"]
[BlackElo "1690"]
[PlyCount "66"]
[EventDate "2022.07.04"]
[EventType "swiss"]
[EventRounds "9"]
[EventCountry "ESP"]
[SourceTitle "EXT 2023"]
[Source "ChessBase"]
[SourceDate "2022.10.05"]
[SourceVersion "1"]
[SourceVersionDate "2022.10.05"]
[SourceQuality "1"]

1. d4 Nf6 2. Nf3 d6 3. e3 Nbd7 4. Bd3 e5 5. Nbd2 g6 6. 0-0 Bg7 7. b3 0-0 8. Bb2 Re8 9. Re1 e4 10. Nxe4 Nxe4 11. c4 Ng5 12. Nxg5 Qxg5 13. Qc2 c5 14. Rad1 Nf8 15. dxc5 Bxb2 16. Qxb2 dxc5 17. f4 Qh6 18. b4 Qg7 19. Qxg7+ Kxg7 20. bxc5 Ne6 21. c6 bxc6 22. Be4 Bb7 23. Rd7 Nc5 24. Rc7 Rxe4 25. a4 Rc8 26. Rxc8 Bxc8 27. a5 Nd3 28. Rd1 Rxe3 29. Kf1 Bg4 30. Rb1 Nxf4 31. Rb7 Nd3 32. g3 Bh3+ 33. Kg1 Re1# 0-1

[Event "Barcelona CC Amateurs April"]
[Site "Barcelona"]
[Date "2021.05.15"]
[Round "4"]
[White "Costa Trave, Jaume"]
[Black "Molina Gil, Noah"]
[Result "1-0"]
[WhiteElo "1685"]
[BlackElo "1196"]
[PlyCount "59"]
[EventDate "2021.04.24"]
[EventType "tourn"]
[EventRounds "9"]
[EventCountry "ESP"]
[SourceTitle "EXT 2022"]
[Source "ChessBase"]
[SourceDate "2021.10.06"]
[SourceVersion "1"]
[SourceVersionDate "2021.10.06"]
[SourceQuality "1"]

1. f4 Nf6 2. Nf3 d6 3. d4 g6 4. Nbd2 Bg7 5. e4 0-0 6. e5 Nd5 7. Ne4 Bf5 8. Bd3 Nb4 9. 0-0 Nxd3 10. cxd3 d5 11. Ng3 Bd7 12. Ng5 h6 13. Nh3 Nc6 14. Be3 f6 15. f5 g5 16. e6 Be8 17. Qf3 Qd6 18. a3 Na5 19. b4 Nb3 20. Rab1 Ba4 21. Nh5 Kh7 22. N3f4 gxf4 23. Bxf4 Qd8 24. Nxg7 Nxd4 25. Qg4 Ne2+ 26. Qxe2 Kxg7 27. Qg4+ Kh8 28. Qg6 Qe8 29. Qxh6+ Kg8 30. Rf3 1-0

[Event "Barcelona CC Amateurs April"]
[Site "Barcelona"]
[Date "2021.05.08"]
[Round "3"]
[White "Molina Gil, Noah"]
[Black "Abad Sanmartin, Jorge"]
[Result "0-1"]
[WhiteElo "1196"]
[BlackElo "1924"]
[PlyCount "102"]
[EventDate "2021.04.24"]
[EventType "tourn"]
[EventRounds "9"]
[EventCountry "ESP"]
[SourceTitle "EXT 2022"]
[Source "ChessBase"]
[SourceDate "2021.10.06"]
[SourceVersion "1"]
[SourceVersionDate "2021.10.06"]
[SourceQuality "1"]

1. e4 c6 2. Nf3 d5 3. exd5 cxd5 4. Ne5 Nc6 5. d4 Nf6 6. Nc3 e6 7. Bf4 a6 8. Be2 Bb4 9. a3 Bxc3+ 10. bxc3 Ne4 11. Nxc6 bxc6 12. Bd2 0-0 13. g3 Qc7 14. f3 Nxg3 15. hxg3 Qxg3+ 16. Kf1 e5 17. Qe1 Bh3+ 18. Rxh3 Qxh3+ 19. Kg1 Rae8 20. Qf1 Qh4 21. Qf2 Qf6 22. Bxa6 Qg6+ 23. Qg2 Qxc2 24. Rc1 Qb2 25. Qh2 Qxa3 26. Bd3 e4 27. fxe4 dxe4 28. Bc2 f5 29. Rb1 Qa7 30. Bb3+ Kh8 31. Bf4 Rf6 32. Kf2 Qa5 33. Rh1 h6 34. Qh5 e3+ 35. Kf3 Re4 36. Be5 Rxe5 37. dxe5 Qxe5 38. Qh4 f4 39. Qg4 Rf8 40. Qg6 Qf6 41. Qe4 Qg5 42. Rh3 Qg1 43. Qe6 Qf1+ 44. Ke4 Qxh3 45. Qxh3 e2 46. Qh4 Re8+ 47. Kf3 e1Q 48. Qxe1 Rxe1 49. Kxf4 g5+ 50. Kg4 Re3 51. Ba4 Re4+ 0-1

[Event "Barcelona CC Amateurs April"]
[Site "Barcelona"]
[Date "2021.05.01"]
[Round "2"]
[White "Gisbert Mir, Alejandro"]
[Black "Molina Gil, Noah"]
[Result "1/2-1/2"]
[WhiteElo "1792"]
[BlackElo "1196"]
[PlyCount "52"]
[EventDate "2021.04.24"]
[EventType "tourn"]
[EventRounds "9"]
[EventCountry "ESP"]
[SourceTitle "EXT 2022"]
[Source "ChessBase"]
[SourceDate "2021.10.06"]
[SourceVersion "1"]
[SourceVersionDate "2021.10.06"]
[SourceQuality "1"]

1. d4 Nf6 2. c4 d6 3. Nc3 g6 4. e4 Bg7 5. f3 0-0 6. Be3 a6 7. Qd2 Nc6 8. g4 e5 9. Nge2 Rb8 10. d5 Na5 11. Ng3 b6 12. b4 Nb7 13. h4 a5 14. a3 Ra8 15. Rb1 Ra7 16. Bg5 Re8 17. h5 Bd7 18. hxg6 fxg6 19. Bh6 Re7 20. Bh3 Qf8 21. Bxg7 Rxg7 22. Nb5 Bxb5 23. cxb5 axb4 24. axb4 Nd8 25. g5 Ne8 26. Bg4 Rf7 1/2-1/2

[Event "Roncana op-C 12th"]
[Site "Santa Eulalia de Roncana"]
[Date "2018.10.06"]
[Round "2"]
[White "Molina Gil, Noah"]
[Black "Collado Moreno, Miquel"]
[Result "1-0"]
[WhiteElo "1346"]
[BlackElo "1410"]
[PlyCount "59"]
[EventDate "2018.09.29"]
[EventType "swiss"]
[EventRounds "8"]
[EventCountry "ESP"]
[SourceTitle "EXT 2020"]
[Source "ChessBase"]
[SourceDate "2019.10.17"]
[SourceVersion "1"]
[SourceVersionDate "2019.10.17"]
[SourceQuality "1"]

1. e4 e5 2. d4 exd4 3. Qxd4 Nc6 4. Qe3 Nf6 5. Nc3 Bb4 6. Bd2 Ng4 7. Qg3 d6 8. h3 Nf6 9. Qxg7 Rg8 10. Qh6 Rg6 11. Qe3 Bc5 12. Qf3 Nd4 13. Qd3 d5 14. e5 Bf5 15. exf6 Bxd3 16. Bxd3 Rxf6 17. Bg5 Qe7+ 18. Nge2 0-0-0 19. Bxf6 Qxf6 20. f3 Nxe2 21. Nxe2 Bb4+ 22. c3 Qh4+ 23. g3 Qf6 24. cxb4 Qxf3 25. Kd2 Re8 26. Rhf1 Qe3+ 27. Kc3 d4+ 28. Nxd4 Re4 29. Nf5 Rc4+ 30. Kxc4 1-0